[Event "GER-ch U14 Girls"]
[Site "Willingen"]
[Date "2019.06.14"]
[Round "8"]
[White "Zoellner, Bente"]
[Black "Kalina, Lena"]
[Result "1/2-1/2"]
[WhiteElo "1530"]
[BlackElo "1687"]
[PlyCount "117"]
[EventDate "2019.06.08"]
[EventType "swiss"]
[EventRounds "9"]
[EventCountry "GER"]
[SourceTitle "CBM 191 Extra"]
[Source "ChessBase"]
[SourceDate "2019.09.30"]
[SourceVersion "1"]
[SourceVersionDate "2019.09.30"]
[SourceQuality "1"]

1. d4 Nf6 2. c4 g6 3. Nc3 Bg7 4. e4 d6 5. f4 0-0 6. Nf3 c5 7. d5 e6 8. dxe6 fxe6 9. Bd3 Nc6 10. 0-0 Nh5 11. Ne2 b6 12. a3 Bb7 13. Rb1 a5 14. Qe1 a4 15. g4 Nf6 16. Qh4 Nd7 17. Qh3 Na5 18. Ng5 Rf6 19. Nxh7 Rf7 20. Ng5 Rf6 21. Qh7+ Kf8 22. f5 gxf5 23. exf5 exf5 24. Rxf5 Qe7 25. Rxf6+ Nxf6 26. Qf5 Bc8 27. Nh7+ Ke8 28. Nxf6+ Bxf6 29. Qg6+ Kd8 30. Bf4 Kc7 31. g5 Be5 32. Qh7 Qxh7 33. Bxh7 Be6 34. Bxe5 dxe5 35. Nc3 Nxc4 36. Re1 Rd8 37. g6 Kc6 38. Kf2 Bg8 39. Bxg8 Rxg8 40. Rg1 Nxb2 41. g7 Nd3+ 42. Ke3 Nf4 43. h4 b5 44. Rg5 Ne6 45. Rg6 Kd7 46. h5 Rxg7 47. Nxb5 Rxg6 48. hxg6 Ke7 49. Ke4 Kf6 50. Nc3 Kxg6 51. Nxa4 Kf6 52. Nb6 Ng5+ 53. Ke3 Ke6 54. a4 Kd6 55. Nc4+ Kd5 56. Nb6+ Kc6 57. Nc4 e4 58. Nd2 Kb6 59. Nxe4 1/2-1/2

[Event "GER-ch U14 Girls"]
[Site "Willingen"]
[Date "2019.06.11"]
[Round "4"]
[White "Zoellner, Bente"]
[Black "Orlova, Alicia"]
[Result "0-1"]
[WhiteElo "1530"]
[BlackElo "1621"]
[PlyCount "106"]
[EventDate "2019.06.08"]
[EventType "swiss"]
[EventRounds "9"]
[EventCountry "GER"]
[SourceTitle "CBM 191 Extra"]
[Source "ChessBase"]
[SourceDate "2019.09.30"]
[SourceVersion "1"]
[SourceVersionDate "2019.09.30"]
[SourceQuality "1"]

1. d4 d5 2. c4 c6 3. Nf3 Nf6 4. Bg5 Nbd7 5. cxd5 cxd5 6. Nc3 h6 7. Bh4 g5 8. Bg3 Bg7 9. e3 Nb6 10. h3 0-0 11. Bd3 Re8 12. Nb5 Ne4 13. Bxe4 dxe4 14. Nd2 Nd5 15. Nc3 Nxc3 16. bxc3 f5 17. 0-0 e5 18. Nb3 f4 19. Bh2 exd4 20. cxd4 Qf6 21. Qh5 Be6 22. Nc5 Bf7 23. Qe2 f3 24. gxf3 exf3 25. Qd3 b6 26. Be5 Rxe5 27. dxe5 Qxe5 28. Rfd1 bxc5 29. Rac1 Qe6 30. Qd7 Qxd7 31. Rxd7 Bxa2 32. Rc7 c4 33. Rb7 c3 34. Kf1 a5 35. Rxg7+ Kxg7 36. Rxc3 Be6 37. e4 Bxh3+ 38. Kg1 Bg2 39. Kh2 a4 40. Ra3 Kf6 41. Kg3 h5 42. Kh2 Ke5 43. Kg3 h4+ 44. Kh2 Kxe4 45. Re3+ Kd4 46. Re1 a3 47. Rc1 a2 48. Rc2 Bf1 49. Kg1 a1Q 50. Kh2 Kd3 51. Rc5 Ra5 52. Rxa5 Qxa5 53. Kh1 g4 0-1

[Event "GER-ch U14 Girls"]
[Site "Willingen"]
[Date "2019.06.09"]
[Round "2"]
[White "Zoellner, Bente"]
[Black "Wagner, Margarethe"]
[Result "1-0"]
[WhiteElo "1530"]
[BlackElo "1741"]
[PlyCount "89"]
[EventDate "2019.06.08"]
[EventType "swiss"]
[EventRounds "9"]
[EventCountry "GER"]
[SourceTitle "CBM 191 Extra"]
[Source "ChessBase"]
[SourceDate "2019.09.30"]
[SourceVersion "1"]
[SourceVersionDate "2019.09.30"]
[SourceQuality "1"]

1. d4 Nf6 2. c4 g6 3. Nc3 Bg7 4. Nf3 d6 5. Bg5 Nbd7 6. e4 h6 7. Be3 e5 8. d5 0-0 9. Bd3 a5 10. 0-0 b6 11. a3 Nc5 12. Bc2 Bd7 13. b4 axb4 14. axb4 Na6 15. Qb1 Qe7 16. h3 Rfc8 17. Ra2 Qe8 18. Ba4 Bxa4 19. Rxa4 c5 20. dxc6 Nc7 21. b5 Rab8 22. Qc1 Kh7 23. Qa3 Bf8 24. Qb2 Qd8 25. Rd1 Qe8 26. Qc2 Qe7 27. Ra7 Qe8 28. Na4 Na8 29. Rxa8 Rxa8 30. Nxb6 Rab8 31. Nxc8 Qxc8 32. Ra1 Kg8 33. Ra7 Ne8 34. Qa4 f5 35. b6 f4 36. b7 Qc7 37. Bd2 Qd8 38. Ba5 Nc7 39. Bxc7 Qxc7 40. Ra8 d5 41. Rxb8 Qxb8 42. Qa8 Bd6 43. cxd5 Kf7 44. Nd2 Ke7 45. Nc4 1-0